| 000 | 00485nam a2200169 i 4500 | ||
|---|---|---|---|
| 001 | 57548 | ||
| 003 | ES-MaACL | ||
| 005 | 20230906163611.0 | ||
| 007 | t| | ||
| 008 | 031016s1969 sp ||||1| spa d | ||
| 100 | 1 |
_aDomínguez Alonso, Manuel. _945186 |
|
| 245 | 1 | 0 |
_aControl económico de empresas / _cM. Domínguez y L. Velasco. |
| 260 |
_a[Madrid : _bSaeta, _c1969] |
||
| 300 |
_a384 p. : _bil. ; _c24 cm. |
||
| 700 | 1 |
_aVelasco, L. _9113731 |
|
| 852 |
_aES-MaACL _jC-41736 _bR.72081 |
||
| 999 |
_c57548 _d57548 |
||